00637nam a2200241 a 4500001001300000003000900013005001700022008004100039020001000080082001300090100002000103245002900123260003700152300000800189500003500197505001000232650001000242700002000252902000800272942000700280952009300287999001500380nice12345678IN_TiNIC20260116011644.0050524s1949 beia grp 000 0 ara  ac10000a245bTHA aThahabiyah, M A aAl-Anashid at Thahabiyah aBeirutbAmeer Kaniya Pressc1949 a47p aincludes index and biblioraphy2 aIndex aHymns1 aThahabiyah, M A bSRS cBK 00104070aHMIbHMId2007-07-05g100.00l0o245 THAp8283r2007-07-05w2026-01-16yARB c3173d3173